000 00716nam a22001815i 4500
001 169303
003 ES-MaACL
005 20230906214045.0
008 080829s1975 gw |||| | spa d
100 1 _aAbadie-Aicardi, Aníbal,
_917952
245 1 3 _aLa tradición institucional salmantina de la Universidad de México (1551-1821) en la tradición universitaria occidental /
_cpor Aníbal Abadie-Aicardi.
260 _aKöln :
_bBöhlau,
_c1975.
300 _a66 p. ;
_c23 cm.
595 _aSeparata de: Jahrbuch für Geschichte von Staat, Wirtschaft und Gesellschaft, Lateinamerikas, Bnd. 12.
650 4 _aUniversidades-
_zEuropa.
_9138401
852 _aES-MaACL
_j2233-F-12
_9R.143876
999 _c169303
_d169303